000 01062nam a2200217Ia 4500
999 _c52214
_d52214
001 19222
003 GE_BSU
005 20210309153634.0
008 181216s2008||||ge |||||||||||||| ||geo||
040 _cGE_BSU
041 _ageo
080 _a 93 ლ-16
100 _aლაზბა, ნატალია
_96054
245 _aეთნოკონფესიური და ეთნოპოლიტიკური პრობლემები ლიბანში (XIX-XX სს)
_cნატალია ლაზბა; მეცნ. ხელმძღვ. მ. იტრიაშვილი.
264 _aბათუმი:
_bბათუმის შოთა რუსთაველის სახ. უნ-ტი,
_c2008.
300 _a157 გვ. ;
_b30 სმ.
653 _aდისერტაცია
653 _aეთნოკონფესიური და ეთნოპოლიტიკური პრობლემები ლიბანში (XIX-XX სს)
653 _aისტორია
942 _cBK
_2udc